000 01681cam a2200433 a 4500
001 ocm50761315
003 OCoLC
005 20200320180231.0
008 020925s2003 nyua b 000 1 eng
010 _a 2002015296
020 _a0439443377 (hardcover : alk. paper)
020 _a9780439443371 (hardcover : alk. paper)
020 _c15.95
029 1 _aYDXCP
_b2001741
035 _a(OCoLC)50761315
040 _aDLC
_cDLC
_dIG#
_dBAKER
_dBTCTA
_dYDXCP
_dWACOL
042 _alcac
049 _aWACL
050 0 0 _aPZ7.W846
_bAm 2003
082 0 0 _a[E]
_221
092 _aE
_bWoo
100 1 _aWood, Audrey.
_99886
245 1 0 _aAlphabet mystery /
_cby Audrey Wood ; illustrated by Bruce Wood.
260 _aNew York :
_bBlue Sky Press,
_cc2003.
300 _a1 v. (unpaged) :
_bcol. ill. ;
_c25 x 28 cm.
520 _aLittle x is missing from Charley's Alphabet, and the other lowercase letters go off to solve the mystery of his disappearance, learning in the end how valuable a little x can be.
650 1 _aAlphabet
_vFiction.
_95692393
650 1 _aKissing
_vFiction.
_95675665
700 1 _aWood, Bruce Robert,
_eill.
_965063
856 4 2 _3Publisher description
_uhttp://www.loc.gov/catdir/description/schol051/2002015296.html
938 _aIngram
_bINGR
_n0439443377
938 _aBaker & Taylor
_bBKTY
_c15.95
_d15.95
_i0439443377
_n0004097732
_sactive
938 _aBaker and Taylor
_bBTCP
_n2002015296
938 _aYBP Library Services
_bYANK
_n2001741
942 _cBOOK
_018
948 _a05/11/2004
_b02/17/2007
_zSirsi
994 _a02
_bWACOL
996 _a36526
_b34301001558180
_cE
_dbk
_ewcl
_fo
_g18
_h17.99
_lamazon
_mWoo
_p08/24/2018
_q02/12/2020
_r02/21/2020
999 _c259601
_d259601